000 00733nam a22002417a 4500
001 BR7303479
003 BR-BrBNA
005 20230928083956.0
007 ta
008 230509b bl.||||| |||| 00| 0 por d
040 _aBR-BrBNA
_bpor
_cBiblioteca Nacional de Agricultura
041 _a(Por)
072 _aF00
_b2110
_b/G514
090 _ 2110 BR7303479
110 1 _aInstituto de Pesquisas e Experimentacao Agropecuarias do Leste, Cruz das Almas, BA (Brasil)
_96180
245 1 _aBibliografia de cacau
260 3 _aCruz das Almas, BA (Brasil):
_c1968.
300 _a32 p.
500 _a(*) Documento disponível no(a) CEPLAC, Ilheus, BA (Brazil)
650 _aCacau
909 _a202309
_bLucia
_c55
_dLucia Elande
942 _cBK
999 _c16107
_d16107